banner koha

Fenologia do abacaxi (cultivar perola)cultivado no estado do Rio de Janeiro [Ananas comosus; Brasil] (Registro n. 271797)

MARC details
000 -LÍDER
campo de controle de tamanho fixo 01112nac a22003017a 4500
001 - NÚMERO DE CONTROLE
campo de controle BR8100077
003 - IDENTIFICADOR DO NÚMERO DE CONTROLE
campo de controle BR-BrBNA
005 - DATA E HORÁRIO DA ÚLTIMA TRANSAÇÃO
campo de controle 20240105114855.0
008 - CAMPO DE DADOS FIXOS--INFORMAÇÃO GERAL
campo de controle de tamanho fixo 230509b bl.|||m| |||| 00| 0 por d
040 ## - FONTE DA CATALOGAÇÃO
Instituição da catalogação original BR-BrBNA
Idioma da catalogação por
Instituição que transcreveu o registro Biblioteca Nacional de Agricultura
072 ## - CÓDIGO DE CATEGORIA DE ASSUNTO
Código de Categoria de Assunto F40
090 ## - NÚMERO DE CHAMADA LOCAL
Número de chamada 1126 BR8100077
100 1# - ENTRADA PRINCIPAL--NOME PESSOAL
Nome pessoal Gadelha, R.S. de S.
100 1# - ENTRADA PRINCIPAL--NOME PESSOAL
Nome pessoal Vasconcellos, H. de O.
100 1# - ENTRADA PRINCIPAL--NOME PESSOAL
Nome pessoal Mello, M.
110 1# - ENTRADA PRINCIPAL--NOME CORPORATIVO
Nome corporativo ou nome da jurisdição Empresa de Pesquisa Agropecuaria do Estado do Rio de Janeiro, Niteroi (Brasil)
245 1# - TÍTULO
Título Fenologia do abacaxi (cultivar perola)cultivado no estado do Rio de Janeiro [Ananas comosus; Brasil]
246 1# - FORMA VARIANTE DO TÍTULO
Título/título abreviado [Pineapple phenology (pearl cultivar)cropped in the state of Rio de Janeiro [Ananas comosus; Brazil]]
260 3# - PUBLICAÇÃO, DISTRIBUIÇÃO, ETC.
Local de publicação, distribuição, etc. Niteroi, RJ (Brasil):
Data da publicação, distribuição, etc. Jul 1980.
300 ## - DESCRIÇÃO FÍSICA
Extensão 4 p.
490 ## - TÍTULO DA SÉRIE
Título da série Comunicado Tecnico - Empresa de Pesquisa Agropecuaria do Estado do Rio de Janeiro (Brazil)
Número do volume ou designação sequencial da série no. 59
ISSN - International Standard Serial Number
650 ## - ASSUNTO--TERMO TÓPICO
Cabeçalho tópico ou nome geográfico Ecologia vegetal
650 ## - ASSUNTO--TERMO TÓPICO
Cabeçalho tópico ou nome geográfico Abacaxi
650 ## - ASSUNTO--TERMO TÓPICO
Cabeçalho tópico ou nome geográfico Fenologia
650 ## - ASSUNTO--TERMO TÓPICO
Cabeçalho tópico ou nome geográfico Rio de Janeiro
909 ## -
-- 202312
-- Lúcia Elande
-- 55
-- Lúcia Elande
942 ## - ELEMENTOS DE ENTRADA ADICIONADOS (KOHA)
Fonte da classificação ou esquema de arquivamento na estante Classificação AGRIS
Ocultar no OPAC Não
Tipo de material Koha Monografia Seriada
Exemplares
Situação do descarte Fonte da classificação ou esquema de arquivamento na estante Situação física Não pode ser emprestado Coleção Biblioteca de origem Biblioteca atual Localização na estante Total de empréstimos Número de telefone completo Código de barras Data de último acesso Tipo de material Koha Fonte de aquisição
  Classificação AGRIS       Biblioteca Nacional de Agricultura - Binagri Biblioteca Nacional de Agricultura - Binagri Agrobase - Acervo Geral   1126 BR8100077 1126 BR8100077 18/12/2023 Monografia Seriada Portaria Interministerial nº 164/94

BINAGRI

Telefone: (61)3218-2567/2388/3357/2097 - binagri@agro.gov.br

Ministério da Agricultura e Pecuária , Esplanada dos Ministérios, Bloco D, Anexo B, Brasília/DF, CEP: 70.043-900